Hail, hail, the gang's all here

Bibliographic Details
Main Author: MCBAIN, Ed
Format: Book
Published: Surrey : Severn House Publishers , 1989
Subjects:

MARC

LEADER 00000cam a2200000 7i4500
001 0000000789
002 000000891
005 20000330.0
020 |a 0727817264 
090 0 0 |a F   |b MCB 
100 1 |a MCBAIN, Ed 
245 1 0 |a Hail, hail, the gang's all here   |c Ed McBain 
260 |a Surrey :   |b Severn House Publishers ,   |c 1989 
300 |a 201 p. ;   |c 21 cm. 
650 0 0 |a Crime and detection fiction 
999 |a 030738   |b BUKU   |c FICTION   |e PERPUSTAKAAN KOMUNITI PETALING JAYA